| 000 | 01094nam a22002657a 4500 | ||
|---|---|---|---|
| 003 | OSt | ||
| 005 | 20250911153418.0 | ||
| 008 | 240214b ||||| |||| 00| 0 eng d | ||
| 040 | _c0 | ||
| 082 | _aDPer 621.317 Ie21 May 2022 v. 37 n. 5 | ||
| 100 |
_aPeng, Yingzhou. _eauthor. _952345 |
||
| 245 |
_aParasitic effect compensation method for IGBT ON-state voltage measurement in traction inverter application / _cYingzhou Peng, Kaiqi Chu, Shujia Mu, Hu Cao, and Huai Wang. |
||
| 260 |
_aNew York ; _bThe Institute of Electrical and Electronics Engineers, Inc. , _cMay 2022. |
||
| 300 |
_aVolume 37, pages 4937-4941 : _billustration ; _c28 cm. |
||
| 500 | _aIEEE Transactions on Power Electronics, v. 37 n. 5, pages 4937-4941, May 2022. | ||
| 650 | 0 |
_aCurrent measurement. _965721 |
|
| 650 | 0 |
_aSwitches. _965864 |
|
| 650 | 0 |
_aVoltage measurement. _965722 |
|
| 700 |
_aPeng, Yingzhou. _eauthor. _952345 |
||
| 700 |
_aChu, Kaiqi. _eauthor. _952346 |
||
| 700 |
_aMu, Shujia. _eauthor. _952347 |
||
| 700 |
_aCao, Hu. _eauthor. _952348 |
||
| 700 |
_aWang, Huai. _eauthor. _952349 |
||
| 942 |
_2ddc _cPER |
||
| 999 |
_c19142 _d19142 |
||